000 00607nam a2200205Ia 4500
005 20250508152110.0
008 008 250505s9999 xx 000 0 eng d
037 _aTextual
040 _aFEDL
_beng
_cFEDL
041 _aeng
_2eng
084 _a181.7, RAD
_qFEDL
100 _aRadhakreshnan Sarvepalli
_9760745
245 0 _aSource book in Indian philosophy
260 _aLondon, UK
_bPrinceton University Press
_c1957
300 _axxix,683p
650 _aOriental philosophy
_9755543
700 _a Moore Charles A.
_9760746
942 _cTEXL
_h181.7, RAD
999 _c1334239
_d1334239